000 00674nam a22001937a 4500
999 _c182888
_d182888
005 20211209104819.0
010 _aUR-11361
020 _c150.00
_a9789390789139
035 _aU-9916
037 _bDBAD/PUB
082 _a920
100 _aسفير ا ختر
245 _aڈ ا کٹر محمد ا ليا س ا لا عظمی بحّيت مصنف
_cسفير ا ختر
246 _aDr.Mohammad Ilyas Azmi Bahaisiat Musannif (Urdu)
_bby Safir Akhtar
260 _aN.Delhi
_c2021 ء
_bEducational Publishing House
270 _aD1/16,Ansari Road,Darya Ganj,
_bNew Delhi
_e110002
_l -
300 _a108 ص
_c22 Cm(Hb)
942 _2ddc
_cUR
_h920
_mس ف ی